ARRUPE JESUIT UNIVERSITY

CORONAVIRUS -STOP THE SPREAD - CLEAN,DISINFECT,COVER

The Cape peninsula (Record no. 120191)

MARC details
000 -LEADER
fixed length control field 01534cam a2200349Ki 4500
001 - CONTROL NUMBER
control field 8090988
003 - CONTROL NUMBER IDENTIFIER
control field ARRUPE
005 - DATE AND TIME OF LATEST TRANSACTION
control field 20140312141506.0
006 - FIXED-LENGTH DATA ELEMENTS--ADDITIONAL MATERIAL CHARACTERISTICS--GENERAL INFORMATION
fixed length control field m d
007 - PHYSICAL DESCRIPTION FIXED FIELD--GENERAL INFORMATION
fixed length control field cr bn||||||abp
007 - PHYSICAL DESCRIPTION FIXED FIELD--GENERAL INFORMATION
fixed length control field cr bn||||||ada
008 - FIXED-LENGTH DATA ELEMENTS--GENERAL INFORMATION
fixed length control field 100712s1910 sa af o 000 0 eng d
035 ## - SYSTEM CONTROL NUMBER
System control number (OCoLC)ocn646861585
035 ## - SYSTEM CONTROL NUMBER
System control number (OCoLC)646861585
040 ## - CATALOGING SOURCE
Original cataloging agency OCLCE
Language of cataloging eng
Transcribing agency OCLCE
043 ## - GEOGRAPHIC AREA CODE
Geographic area code f-sa---
049 ## - LOCAL HOLDINGS (OCLC)
Holding library ZCUA
050 #4 - LIBRARY OF CONGRESS CALL NUMBER
Classification number DT828
Item number .J87 1910
300 ## - PHYSICAL DESCRIPTION
Other physical details col. ill. ;
Dimensions 23 cm.
100 1# - MAIN ENTRY--PERSONAL NAME
Personal name Juta, Réné.
9 (RLIN) 9047
245 14 - TITLE STATEMENT
Title The Cape peninsula
Medium [electronic resource] :
Remainder of title pen and colour sketches /
Statement of responsibility, etc described by Réné Juta and painted by W. Westhofen.
260 ## - PUBLICATION, DISTRIBUTION, ETC. (IMPRINT)
Place of publication, distribution, etc Cape Town :
Name of publisher, distributor, etc J.C. Juta & Co.,
Date of publication, distribution, etc 1910.
300 ## - PHYSICAL DESCRIPTION
Extent xi, 118 p., [25] leaves of plates :
506 ## - RESTRICTIONS ON ACCESS NOTE
Materials specified Use copy
Standardized terminology for access restriction Restrictions unspecified
Source of term star
Institution to which field applies MiAaHDL
533 ## - REPRODUCTION NOTE
Type of reproduction Electronic reproduction.
Place of reproduction [S.l.] :
Agency responsible for reproduction HathiTrust Digital Library,
Date of reproduction 2010.
538 ## - SYSTEM DETAILS NOTE
System details note Master and use copy. Digital master created according to Benchmark for Faithful Digital Reproductions of Monographs and Serials, Version 1. Digital Library Federation, December 2002.
Uniform Resource Identifier <a href="http://purl.oclc.org/DLF/benchrepro0212">http://purl.oclc.org/DLF/benchrepro0212</a>
583 1# - ACTION NOTE
Action digitized
Time/date of action 2010
Jurisdiction HathiTrust Digital Library
Status committed to preserve
Source of term pda
Institution to which field applies MiAaHDL
651 #0 - SUBJECT ADDED ENTRY--GEOGRAPHIC NAME
Geographic name Eastern Cape (South Africa)
General subdivision Description and travel.
9 (RLIN) 9048
700 1# - ADDED ENTRY--PERSONAL NAME
Personal name Westhofen, W.,
Relator term ill.
9 (RLIN) 9049
776 1# - ADDITIONAL PHYSICAL FORM ENTRY
Qualifying information Original
Record control number (OCoLC)13854152
856 40 - ELECTRONIC LOCATION AND ACCESS
Materials specified HathiTrust Digital Library
Uniform Resource Identifier <a href="http://catalog.hathitrust.org/api/volumes/oclc/13854152.html">http://catalog.hathitrust.org/api/volumes/oclc/13854152.html</a>
942 ## - ADDED ENTRY ELEMENTS (KOHA)
Source of classification or shelving scheme Library of Congress Classification
Koha item type Monograph ( Printed materials)
Holdings
Withdrawn status Lost status Source of classification or shelving scheme Damaged status Not for loan Collection code Home library Current library Shelving location Date acquired Total Checkouts Full call number Barcode Date last seen Price effective from Koha item type
    Library of Congress Classification     SPECIAL Collection ARRUPE LIBRARY ARRUPE LIBRARY Main Collection 12/03/2014   SPC DT1734 .J96 1910 46500001953 05/07/2018 12/03/2014 REFERENCE

 

Arrupe Library. PO Box MP320 Mt Pleasant, Harare, Zimbabwe
263 242 745411|librarian@aju.ac.zw